| 000 | 01004nam a2200277 a 4500 | ||
|---|---|---|---|
| 001 | 58371 | ||
| 003 | BD-RjUL | ||
| 005 | 20211209080619.0 | ||
| 008 | 161218s1992 enk 001 0 eng d | ||
| 020 | _a1850703833 | ||
| 035 | _a(BD-RjUL)58495 | ||
| 040 |
_aBook Data _beng _cBD-RjUL |
||
| 041 | _aeng | ||
| 082 |
_a333.76130954 _223 _bRAS 1992 |
||
| 100 | 1 |
_aRamakrishnan, P. S. _9173357 |
|
| 245 | 1 | 0 |
_aShifting agriculture and sustainable development : _ba case study in north-eastern India / _cP.S. Ramakrishnan |
| 260 |
_aCarnforth : _bParthenon, _c1992 |
||
| 300 |
_axvii, 424 p ; _c24 cm |
||
| 490 |
_aMan and the biosphere series ; _vVol 10 |
||
| 650 | 0 |
_aShifting cultivation _xEnvironmental aspects _zIndia, Northeastern _9173358 |
|
| 650 | 0 |
_aAgricultural ecology _zIndia, Northeastern _9173359 |
|
| 650 | 0 |
_aForest ecology _zIndia, Northeastern _9173360 |
|
| 650 | 0 |
_aHuman ecology _zIndia, Northeastern _9173361 |
|
| 830 | 0 |
_aMan and the biosphere series ; _vVol 10 _9173365 |
|
| 942 |
_2ddc _cBK |
||
| 999 |
_c58371 _d58371 |
||